000 00426cam a2200169ua 4500
041 _aeng
_h
082 _a612
_bBES/LI
100 _aBest, Herbertcharles .
245 _aThe Living body /
_cHerbertcharles Best.
_hTextual Documents
250 _a4 /
_b.
260 _aNewyork :
_bHenry holt and company ,
_c1960.
300 _a ; .
504 _a
700 1 _aTaylor, Norman Burke .
942 _cBK
999 _c756
_d756